[Event "AUTO-MASTER-2100"]
[Site "http://www.queenalice.com/game.php?id=1286811"]
[Date "2014.6.8"]
[Round "1"]
[White "carbon"]
[Black "toomchess"]
[Result "1-0"]
[WhiteElo "2212"]
[BlackElo "2154"]

1. e4 e5 2. Nf3 Nc6 3. Bb5 Bc5 4. c3 Qf6 5. O-O Nge7 6. Re1 O-O 7. d4 exd4 8. e5
Qf5 9. cxd4 Bb6 10. Nc3 d6 11. Bd3 Qh5 12. Bf4 dxe5 13. dxe5 Bg4 14. h3 Bxf3 15.
Qxf3 Qxf3 16. gxf3 Rad8 17. Rad1 Ng6 18. Bg3 Rfe8 19. f4 Kf8 20. Be4 Nge7 21.
Kg2 Rxd1 22. Rxd1 Rd8 23. Rxd8+ Nxd8 24. Bh4 c6 25. Bxh7 g6 26. Bxe7+ Kxe7 27.
f5 g5 28. Kg3 Bd4 29. f4 Kf8 30. fxg5 Bxe5+ 31. Kg4 Kg7 32. g6 Bxc3 33. bxc3 b5
34. gxf7 Nxf7 35. Bg6 Ne5+ 36. Kf4 Nd3+ 37. Ke4 Nf2+ 38. Kd4 Nxh3 39. Be8 Nf4
40. Bxc6 Kf6 41. Bxb5 Kxf5 42. Kc5 Ke5 43. Bc4 Ng2 44. Kc6 Ne3 45. Bb3 Ke4 46.
c4 Kd4 47. c5 Nf5 48. Be6 Ng7 49. Bd7 Nh5 50. Kd6 Nf6 51. c6 Ne4+ 52. Ke7 Nc3
53. c7 Nd5+ 54. Kd8 Nxc7 55. Kxc7 Kc5 56. a4 a6 57. Kb7 Kd6 58. Kxa6 Kxd7 59.
Kb7 1-0

[Event "AUTO-MASTER-2100"]
[Site "http://www.queenalice.com/game.php?id=1286828"]
[Date "2014.6.8"]
[Round "1"]
[White "carbon"]
[Black "leduar"]
[Result "1-0"]
[WhiteElo "2180"]
[BlackElo "2114"]

1. e4 e5 2. Nf3 Nc6 3. Bb5 a6 4. Ba4 Nf6 5. O-O b5 6. Bb3 Bb7 7. c3 Nxe4 8. d4
d6 9. Qe2 Na5 10. Bc2 f5 11. dxe5 d5 12. Nd4 Nc6 13. Nxf5 g6 14. Ng3 Nxg3 15.
hxg3 Bg7 16. Nd2 O-O 17. Nf3 Qe7 18. Bf4 Nd8 19. Qe3 Ne6 20. Bh6 Rf7 21. Bxg7
Kxg7 22. Nh4 Qg5 23. f4 Qh6 24. Qe2 Nxf4 25. Qe1 Ne6 26. Rxf7+ Kxf7 27. Qf2+ Ke7
28. Qf6+ Kd7 29. Qf7+ Kc6 30. Qxe6+ Kc5 31. b4+ Kc4 32. Bb3+ Kxc3 33. Bxd5 Qe3+
34. Kh2 c6 35. Bxc6 Bc8 36. Qb3+ Kd4 37. Rd1+ 1-0

[Event "AUTO-MASTER-2100"]
[Site "http://www.queenalice.com/game.php?id=1286829"]
[Date "2014.6.8"]
[Round "1"]
[White "leduar"]
[Black "carbon"]
[Result "0-1"]
[WhiteElo "2087"]
[BlackElo "2171"]

1. e4 e6 2. d4 d5 3. Nc3 Nf6 4. Bg5 Be7 5. e5 Nfd7 6. Bxe7 Qxe7 7. Bd3 a6 8. Nh3
c5 9. dxc5 Nxe5 10. b4 Nbc6 11. O-O Nxd3 12. cxd3 Nxb4 13. a3 Nc6 14. Nxd5 exd5
15. Re1 Be6 16. Nf4 Qd7 17. Nxe6 fxe6 18. Qh5+ g6 19. Qg4 e5 20. Qh4 O-O 21.
Rab1 Rf4 22. Qg3 Raf8 23. f3 Qe7 24. Re3 Qxc5 25. Kf2 Nd4 26. Qh3 Nf5 27. Rxb7
Qxe3+ 28. Kf1 Rh4 29. Qxh4 Nxh4 0-1

[Event "AUTO-MASTER-2100"]
[Site "http://www.queenalice.com/game.php?id=1286830"]
[Date "2014.6.8"]
[Round "1"]
[White "carbon"]
[Black "rpalmero"]
[Result "1-0"]
[WhiteElo "2190"]
[BlackElo "1996"]

1. e4 c5 2. Nc3 e6 3. g3 Nc6 4. Bg2 a6 5. Nf3 Qc7 6. O-O Nf6 7. d3 b5 8. Re1 Bb7
9. e5 Ng4 10. Bf4 Be7 11. h3 Nh6 12. Ne4 Nf5 13. c3 d5 14. exd6 Nxd6 15. Nxc5
Rd8 16. Nxb7 Qxb7 17. Ne5 Rc8 18. Nxc6 Rxc6 19. Bxc6+ Qxc6 20. Bxd6 Bxd6 21. d4
O-O 22. Qe2 h6 23. Qe4 Qc4 24. Re3 a5 25. b3 Qc7 26. c4 bxc4 27. Rc1 Qb6 28.
bxc4 Qb2 29. Rc2 Qb1+ 30. Re1 Qb4 31. c5 Bc7 32. Rec1 Rd8 33. Rc4 Qb2 34. Qc6
Bb8 35. Qb6 Qxb6 36. cxb6 Kf8 37. Rc8 Ke7 38. b7 Ba7 39. Rxd8 Kxd8 40. Rc8+ 1-0

[Event "AUTO-MASTER-2100"]
[Site "http://www.queenalice.com/game.php?id=1286831"]
[Date "2014.6.8"]
[Round "1"]
[White "rpalmero"]
[Black "carbon"]
[Result "0-1"]
[WhiteElo "1962"]
[BlackElo "2165"]

1. c4 e5 2. Nc3 Nc6 3. e3 Nf6 4. a3 g6 5. Qc2 Bg7 6. Nf3 O-O 7. b4 e4 8. Ng5 Re8
9. Bb2 d6 10. Rb1 h6 11. Ngxe4 Nxe4 12. Nxe4 Rxe4 13. Bxg7 Kxg7 14. Qxe4 Bf5 15.
Qd5 Bxb1 16. b5 Ne5 17. d4 c6 18. bxc6 bxc6 19. dxe5 cxd5 20. Be2 Qa5+ 0-1

[Event "AUTO-MASTER-2158"]
[Site "http://www.queenalice.com/game.php?id=1309458"]
[Date "2014.9.20"]
[Round "1"]
[White "Capixaba789"]
[Black "carbon"]
[Result "0-1"]
[WhiteElo "1981"]
[BlackElo "2222"]

1. e4 c5 2. Nf3 Nc6 3. Be2 g6 4. d3 Bg7 5. Nc3 e5 6. Nd5 h6 7. c4 d6 8. Bd2 f5
9. Qc1 f4 10. Rb1 Nf6 11. Bc3 O-O 12. O-O g5 13. Re1 g4 14. Nd2 Nd4 15. Bxd4
cxd4 16. f3 h5 17. Nb3 Nxd5 18. cxd5 Qh4 19. fxg4 hxg4 20. Bxg4 Bxg4 21. Qd2 f3
22. Rf1 Bh6 23. Qf2 Be3 0-1

[Event "AUTO-MASTER-2158"]
[Site "http://www.queenalice.com/game.php?id=1309459"]
[Date "2014.9.20"]
[Round "1"]
[White "carbon"]
[Black "Capixaba789"]
[Result "1-0"]
[WhiteElo "2206"]
[BlackElo "1997"]

1. e4 Nf6 2. e5 Nd5 3. d4 e6 4. c4 Nb6 5. Nc3 d6 6. f4 dxe5 7. fxe5 c5 8. d5
Nxc4 9. Nf3 exd5 10. Qxd5 Qxd5 11. Nxd5 Na6 12. Bxc4 Be6 13. Bxa6 1-0

[Event "AUTO-MASTER-2158"]
[Site "http://www.queenalice.com/game.php?id=1309472"]
[Date "2014.9.20"]
[Round "1"]
[White "Modaste"]
[Black "carbon"]
[Result "0-1"]
[WhiteElo "2202"]
[BlackElo "2244"]

1. d4 Nf6 2. c4 c5 3. Nf3 cxd4 4. Nxd4 Nc6 5. Nc3 e6 6. Bg5 a6 7. e3 Qa5 8. Bxf6
gxf6 9. a3 f5 10. b4 Qc7 11. Be2 Bg7 12. b5 Ne5 13. bxa6 bxa6 14. Qa4 Bb7 15.
O-O O-O 16. Rab1 Rab8 17. Rfc1 d6 18. Rb4 Nd7 19. Rcb1 Nc5 20. Qc2 Kh8 21. Qb2
f4 22. Nb3 fxe3 23. Nxc5 exf2+ 24. Kh1 dxc5 25. Rxb7 Rxb7 26. Qxb7 Qxb7 27. Rxb7
Bxc3 28. g3 Kg7 29. Kg2 Bd4 30. Ra7 Rb8 31. Rxa6 Rb1 32. a4 Rg1+ 33. Kh3 f1=Q+
34. Bxf1 Rxf1 35. Ra8 Rc1 0-1

[Event "AUTO-MASTER-2158"]
[Site "http://www.queenalice.com/game.php?id=1309473"]
[Date "2014.9.20"]
[Round "1"]
[White "carbon"]
[Black "Modaste"]
[Result "1-0"]
[WhiteElo "2232"]
[BlackElo "2219"]

1. e4 e6 2. d4 d5 3. e5 c5 4. c3 Nc6 5. Nf3 cxd4 6. cxd4 Qb6 7. Nc3 f6 8. Bd3
Bd7 9. O-O O-O-O 10. Be3 Kb8 11. Rc1 Bc8 12. Na4 Qc7 13. a3 Nh6 14. b4 Qf7 15.
Bb5 Ne7 16. Nc5 Nef5 17. Bf4 Ka8 18. Re1 g5 19. Bg3 Nxg3 20. fxg3 g4 21. Nd2 f5
22. a4 Ng8 23. a5 h5 24. a6 b6 25. Bc6+ Kb8 26. Qa4 h4 27. Nb7 hxg3 28. Nxd8 Qh7
29. Nf1 gxh2+ 30. Kh1 Nh6 31. Bb7 Bxb7 32. axb7 1-0

[Event "AUTO-MASTER-2158"]
[Site "http://www.queenalice.com/game.php?id=1309480"]
[Date "2014.9.20"]
[Round "1"]
[White "Jackzapo"]
[Black "carbon"]
[Result "0-1"]
[WhiteElo "1923"]
[BlackElo "2265"]

1. d4 Nf6 2. c4 g6 3. Nc3 Bg7 4. Nf3 O-O 5. e3 c5 6. d5 d6 7. Be2 Na6 8. a3 e5
9. e4 h6 10. O-O Ne8 11. Bd3 f5 12. exf5 gxf5 13. Bc2 Nf6 14. h3 Nc7 15. Rb1 a5
16. Bd2 Qe8 17. Re1 Qh5 18. Qe2 Bd7 19. a4 Rae8 20. Nh2 Qf7 21. Qf3 Nh7 22. Qg3
Qf6 23. Nf3 Kh8 24. Kh1 Rg8 25. Qh2 Nf8 26. b3 Re7 27. h4 Nh7 28. Bd1 Bf8 29.
Rg1 Reg7 30. Be2 Qf7 31. Nb5 Nxb5 32. axb5 b6 33. g3 Qg6 34. Rg2 e4 35. Ng1 Be7
36. Bf4 Nf6 37. Re1 Nh5 38. Bxh5 Qxh5 39. Nh3 Kh7 40. Reg1 Qf3 41. Rb1 Qd3 42.
Rgg1 Be8 43. Be3 Bh5 44. Nf4 Bf3+ 45. Ng2 Bf6 46. Qh3 Bg4 47. Qh2 Bd4 48. Bxd4
cxd4 49. h5 e3 50. fxe3 dxe3 51. Nf4 Qe4+ 52. Rg2 Qxb1+ 0-1

[Event "AUTO-MASTER-2158"]
[Site "http://www.queenalice.com/game.php?id=1309481"]
[Date "2014.9.20"]
[Round "1"]
[White "carbon"]
[Black "Jackzapo"]
[Result "1-0"]
[WhiteElo "2227"]
[BlackElo "1987"]

1. e4 c5 2. Nf3 Nc6 3. d4 cxd4 4. Nxd4 d6 5. c4 Qc7 6. Be3 Nf6 7. f3 e6 8. Nc3
Be7 9. Qd2 O-O 10. Rc1 a6 11. Nd5 Nxd5 12. cxd5 exd5 13. exd5 Ne5 14. Rxc7 1-0

[Event "AUTO-ELITE-1413"]
[Site "http://www.queenalice.com/game.php?id=1321440"]
[Date "2014.11.10"]
[Round "1"]
[White "carbon"]
[Black "testouverture"]
[Result "1/2-1/2"]
[WhiteElo "2265"]
[BlackElo "2186"]

1. e4 d5 2. exd5 Qxd5 3. Nc3 Qa5 4. d4 c6 5. Bc4 Nf6 6. h3 Bf5 7. Nf3 e6 8. Bd2
Qc7 9. O-O Nbd7 10. Nh4 Bg6 11. Nxg6 hxg6 12. Be3 Bd6 13. Qf3 O-O 14. Bb3 Rad8
15. Rad1 Nb6 16. Ne2 Nbd5 17. c4 Nxe3 18. fxe3 e5 19. c5 Be7 20. Nc3 exd4 21.
exd4 b6 22. cxb6 axb6 23. d5 cxd5 24. Nxd5 Nxd5 25. Bxd5 Bf6 26. Qb3 Rd6 27. Rd3
Qc5+ 28. Kh1 Qc7 29. Rfd1 Rdd8 30. a4 Kh8 31. Qb5 Qc2 32. R3d2 Qc7 33. b4 Qg3
34. Qd3 Qf4 1/2-1/2

[Event "AUTO-ELITE-1413"]
[Site "http://www.queenalice.com/game.php?id=1321441"]
[Date "2014.11.10"]
[Round "1"]
[White "testouverture"]
[Black "carbon"]
[Result "1/2-1/2"]
[WhiteElo "2193"]
[BlackElo "2267"]

1. d4 Nf6 2. c4 g6 3. Nc3 Bg7 4. e4 d6 5. Be2 O-O 6. g4 c5 7. g5 Nfd7 8. d5 f5
9. exf5 Rxf5 10. Bg4 Re5+ 11. Nge2 Nf8 12. h3 Na6 13. f4 Rf5 14. Bxf5 Bxf5 15.
Ng3 Bd7 16. h4 Nc7 17. h5 b5 18. hxg6 hxg6 19. cxb5 Nxb5 20. Bd2 Nd4 21. Kf2 Qb6
22. Rb1 Bf5 23. Nxf5 Nxf5 24. Qf3 Rb8 25. Na4 Qa6 26. b3 Nd4 27. Qe3 Nf5 28. Qe2
1/2-1/2

[Event "AUTO-ELITE-1413"]
[Site "http://www.queenalice.com/game.php?id=1321442"]
[Date "2014.11.10"]
[Round "1"]
[White "carbon"]
[Black "BEBADO"]
[Result "1/2-1/2"]
[WhiteElo "2255"]
[BlackElo "2214"]

1. e4 c5 2. d3 Nc6 3. g3 g6 4. Bg2 Bg7 5. f4 Rb8 6. Nf3 b5 7. O-O d6 8. Nc3 b4
9. Nd5 e6 10. Ne3 Nge7 11. a3 a5 12. axb4 axb4 13. Nc4 O-O 14. g4 d5 15. Ncd2 f5
16. gxf5 gxf5 17. e5 Kh8 18. Ng5 Bh6 19. Ndf3 Bd7 20. Bd2 Ra8 1/2-1/2

[Event "AUTO-ELITE-1413"]
[Site "http://www.queenalice.com/game.php?id=1321443"]
[Date "2014.11.10"]
[Round "1"]
[White "BEBADO"]
[Black "carbon"]
[Result "0-1"]
[WhiteElo "2216"]
[BlackElo "2254"]

1. e4 e6 2. d4 d5 3. Nc3 Nf6 4. e5 Nfd7 5. f4 c5 6. Nf3 Nc6 7. Be3 cxd4 8. Nxd4
Bc5 9. Qd2 O-O 10. O-O-O a6 11. Qf2 Bb4 12. Nce2 Qa5 13. Kb1 Be7 14. h4 Nxd4 15.
Nxd4 Nc5 16. Nb3 Nxb3 17. axb3 Qc7 18. h5 Bd7 19. g4 a5 20. Bd4 a4 21. bxa4 Rxa4
22. f5 Rfa8 23. b3 Ra2 0-1

[Event "AUTO-MASTER-2158"]
[Site "http://www.queenalice.com/game.php?id=1352354"]
[Date "2015.4.7"]
[Round "2"]
[White "carbon"]
[Black "attachui"]
[Result "0-1"]
[WhiteElo "2209"]
[BlackElo "2171"]

1. e4 c5 2. Nf3 d6 3. d4 cxd4 4. Nxd4 Nf6 5. Nc3 a6 6. Be2 e5 7. Nb3 Nc6 8. a4
Be7 9. O-O O-O 10. f4 Be6 11. f5 Bxb3 12. cxb3 Nd4 13. Bc4 Rc8 14. Be3 Qb6 15.
Kh1 Rxc4 16. bxc4 Qxb2 17. Bxd4 exd4 18. Qxd4 Re8 0-1

[Event "AUTO-MASTER-2158"]
[Site "http://www.queenalice.com/game.php?id=1352355"]
[Date "2015.4.7"]
[Round "2"]
[White "attachui"]
[Black "carbon"]
[Result "1-0"]
[WhiteElo "2157"]
[BlackElo "2223"]

1. d4 Nf6 2. c4 c5 3. d5 e6 4. Nc3 exd5 5. cxd5 d6 6. e4 g6 7. Bg5 Bg7 8. f4 h6
9. Bh4 O-O 10. Bd3 Qa5 11. h3 c4 12. Bc2 Re8 13. Kf1 Nbd7 14. Nf3 Nc5 15. e5
dxe5 16. fxe5 Nh7 17. Bg3 Ng5 18. Nxg5 1-0

[Event "AUTO-MASTER-2100"]
[Site "http://www.queenalice.com/game.php?id=1352886"]
[Date "2015.4.10"]
[Round "2"]
[White "carbon"]
[Black "straightbat"]
[Result "0-1"]
[WhiteElo "2268"]
[BlackElo "2416"]

1. e4 e6 2. d4 d5 3. e5 c5 4. c3 Qb6 5. Nf3 Nc6 6. a3 Nh6 7. b4 cxd4 8. cxd4 Nf5
9. Bb2 Bd7 10. g4 Nh6 11. Rg1 Rc8 12. Nc3 Na5 13. Na4 Qc6 14. Nc5 Nc4 15. Bc1
Ng8 16. Bd3 Bxc5 17. dxc5 Ne7 18. Qe2 b6 19. cxb6 axb6 20. Nd4 Qc7 21. f4 Nxe5
22. Bd2 Nxd3+ 23. Qxd3 Qd6 24. Qe3 O-O 25. h4 f6 0-1

[Event "AUTO-MASTER-2100"]
[Site "http://www.queenalice.com/game.php?id=1352887"]
[Date "2015.4.10"]
[Round "2"]
[White "straightbat"]
[Black "carbon"]
[Result "1-0"]
[WhiteElo "2411"]
[BlackElo "2276"]

1. c4 e5 2. Nc3 Nc6 3. Nf3 g6 4. d4 Bg7 5. d5 Nce7 6. d6 cxd6 7. Nb5 d5 8. Qb3
d6 9. Qa3 d4 10. Nxd6+ Kf8 11. e3 Bf6 12. exd4 exd4 13. Bd3 Kg7 14. O-O h5 15.
Re1 Bd7 16. Bf4 Nc6 17. c5 Be6 18. Nxb7 Qd7 19. Nd6 h4 20. b4 a5 21. b5 Nb4 22.
Be4 Ne7 23. Qb2 Nbd5 24. Be5 Bxe5 25. Nxe5 1-0

[Event "AUTO-MASTER-2100"]
[Site "http://www.queenalice.com/game.php?id=1352888"]
[Date "2015.4.10"]
[Round "2"]
[White "carbon"]
[Black "o3bor52"]
[Result "0-1"]
[WhiteElo "2241"]
[BlackElo "2038"]

1. e4 c5 2. Nf3 d6 3. d4 cxd4 4. Nxd4 Nf6 5. Nc3 a6 6. Bc4 e6 7. Bb3 Be7 8. O-O
O-O 9. f4 Bd7 10. f5 e5 11. Nf3 Bc6 12. Qe1 Nbd7 13. Bg5 Ne8 14. Bxe7 Qxe7 15.
Rd1 Nc5 16. Nd5 Bxd5 17. Bxd5 Nf6 18. b4 Na4 19. Bb3 Nb6 20. Qh4 h6 21. Qf2 Qc7
22. Qe2 Rac8 23. Rfe1 Kh8 24. h3 Qe7 25. a4 Rcd8 26. Nh2 g5 27. fxg6 fxg6 28.
Qe3 Nc8 29. Qxh6+ Qh7 30. Qe3 b6 31. Nf3 Qd7 32. Ng5 Rde8 0-1

[Event "AUTO-MASTER-2100"]
[Site "http://www.queenalice.com/game.php?id=1352889"]
[Date "2015.4.10"]
[Round "2"]
[White "o3bor52"]
[Black "carbon"]
[Result "1-0"]
[WhiteElo "2012"]
[BlackElo "2260"]

1. e4 e6 2. Nc3 d5 3. exd5 exd5 4. d4 Nf6 5. Bd3 c5 6. Qe2+ Be7 7. dxc5 O-O 8.
Nf3 Bxc5 9. O-O Re8 10. Qd1 Be6 11. a3 a6 12. b4 Bb6 13. Bb2 Nc6 14. h3 Rc8 15.
Qd2 h6 16. Rae1 Qd7 17. Ne2 Ne4 18. Bxe4 dxe4 19. Qxd7 Bxd7 20. Nfd4 Nxd4 21.
Bxd4 Bc7 22. Nc3 f5 23. g3 Bc6 24. Be3 Be5 25. Nd1 Bb5 26. f4 Bxf1 27. Kxf1 Bf6
28. Re2 Rc4 29. c3 Rd8 30. Rd2 Rxd2 31. Bxd2 Rc8 32. Ke2 Rd8 33. Ne3 g6 34. Nc4
1-0